| 000 | 01062naa a2200313 c 4500 | ||
|---|---|---|---|
| 001 | 28731 | ||
| 003 | ES-MaCES | ||
| 005 | 20150929135527.0 | ||
| 008 | 960322n1995 sp ||| | spa d | ||
| 035 | _aCES19980026716v | ||
| 040 |
_aES-MaCES _bspa _cES-MaCES |
||
| 100 | 1 |
_aOntiveros Baeza, Emilio _919973 |
|
| 245 | 1 | 0 |
_aMercados e instituciones financieras ante la Unión Económica y Monetaria _cEmilio Ontiveros, Francisco J. Valero |
| 650 | 4 |
_aEspaña _926964 |
|
| 650 | 4 |
_apolítica económica _927025 |
|
| 650 | 4 |
_apolítica monetaria _928101 |
|
| 650 | 4 |
_aliberalización del intercambio _928000 |
|
| 650 | 4 |
_aconvergencia _930771 |
|
| 650 | 4 |
_aunión monetaria _928170 |
|
| 650 | 4 |
_aintegración económica _927962 |
|
| 650 | 4 |
_amercado financiero _928150 |
|
| 653 | 1 | 0 | _aMercado Único Europeo |
| 650 | 4 |
_926752 _aUE |
|
| 700 | 1 |
_aValero, Francisco J. _925431 |
|
| 773 | 0 |
_tRAE _gN. 4 (nov. 1995) ; p. 7-26 _w(ES-MaCES)25487 |
|
| 902 | _aART Artículo de revista | ||
| 942 |
_2CES _cAR _h1.0. |
||
| 999 |
_c28731 _d28731 |
||